000 00295nam a2200121Ia 4500
008 240624s9999 xx 000 0 und d
041 _aeng
082 _a301.113 SCH
100 _aSCHELLING THOMAS C
245 _aMICROMOTIVES AND MACROBEHAVIOR
260 _c2006
300 _a270 , p. , 21 : cm.
999 _c28825
_d28825